[Event "Deutsche Ländermeisterschaft 2013"]
[Site "Hannover GER"]
[Date "2013.10.05"]
[Round "6"]
[White "Mieck, Jale"]
[Black "Keller, Peter"]
[Result "0-1"]
[Termination "normal"]
[Board "8.4"]
[WhiteTitle "18"]
[BlackTitle "16"]
[WhiteElo "1678"]
[BlackElo "2036"]
[WhiteTeam "Team Nord"]
[BlackTeam "Hessen"]
[WhiteFideId "12936871"]
[BlackFideId "1272105"]
[EventCountry "GER"]
[EventRounds "7"]
[EventType "team-swiss"]
[EventDate "2013.10.02"]

1. e4 c5 2. Nf3 e6 3. d4 cxd4 4. Nxd4 Nc6 5. Nc3 Qc7 6. Nxc6 bxc6 7. Bd3 Nf6 8.
Bg5 Be7 9. O-O d6 10. Re1 e5 11. Na4 O-O 12. c4 Be6 13. Rc1 Rac8 14. b3 Qb8 15.
Nc3 Rfd8 16. Bb1 h6 17. Be3 d5 18. exd5 Ba3 19. Rc2 Bb4 20. Qf3 cxd5 21. Bxh6
e4 22. Qe2 gxh6 23. Rd1 Qe5 24. Nxd5 Bxd5 25. cxd5 Rxc2 26. Qxc2 Rxd5 27. h3
Rxd1+ 28. Qxd1 Bd6 29. Kh1 Qh2# 0-1

[Event "Deutsche Ländermeisterschaft 2013"]
[Site "Hannover GER"]
[Date "2013.10.05"]
[Round "6"]
[White "Schmalhorst, Sophia"]
[Black "Edel, Fenja"]
[Result "1-0"]
[Termination "normal"]
[Board "8.5"]
[WhiteTitle "18w"]
[BlackTitle "16w"]
[WhiteElo "1945"]
[BlackElo "1636"]
[WhiteTeam "Hessen"]
[BlackTeam "Team Nord"]
[WhiteFideId "24682497"]
[BlackFideId "24696749"]
[EventCountry "GER"]
[EventRounds "7"]
[EventType "team-swiss"]
[EventDate "2013.10.02"]

1. e4 e6 2. d4 d5 3. Nd2 Nf6 4. e5 Nfd7 5. f4 c5 6. Ndf3 Nc6 7. c3 Be7 8. Bd3
c4 9. Bc2 h6 10. Ne2 O-O 11. g4 Bh4+ 12. Ng3 f6 13. Nxh4 fxe5 14. Ng6 Rf7 15.
dxe5 Nf8 16. O-O Nxg6 17. Bxg6 Rf8 18. Qe2 Ne7 19. Bc2 b5 20. Be3 Qc7 21. Bd4
Bd7 22. f5 exf5 23. gxf5 Nc6 24. Nh5 Nxd4 25. cxd4 Be8 26. Qg4 Bxh5 27. Qxh5
Qf7 28. Qg4 Kh8 29. Rae1 Rae8 30. Kh1 Rg8 31. Qh4 Qe7 32. f6 1-0

[Event "Deutsche Ländermeisterschaft 2013"]
[Site "Hannover GER"]
[Date "2013.10.05"]
[Round "6"]
[White "Biastoch, Bennet"]
[Black "Schirra, Maurice"]
[Result "1-0"]
[Termination "normal"]
[Board "8.6"]
[WhiteTitle "12"]
[BlackTitle "12"]
[WhiteElo "1643"]
[BlackElo "1662"]
[WhiteTeam "Team Nord"]
[BlackTeam "Hessen"]
[WhiteFideId "12939889"]
[BlackFideId "12941115"]
[EventCountry "GER"]
[EventRounds "7"]
[EventType "team-swiss"]
[EventDate "2013.10.02"]

1. e4 e5 2. Nf3 Nf6 3. Nxe5 d6 4. Nf3 Nxe4 5. d4 d5 6. Bd3 Bd6 7. O-O O-O 8. c4
Be6 9. Re1 Nf6 10. c5 Be7 11. Bg5 c6 12. Nbd2 Re8 13. Qc2 h6 14. Bf4 Nh5 15.
Be5 Bf6 16. b4 Bxe5 17. Nxe5 Nf4 18. Bf1 Qc8 19. Nb3 Bf5 20. Qd2 Ne6 21. a4 Nd7
22. Nxd7 Qxd7 23. b5 Reb8 24. Ra2 Qc7 25. a5 a6 26. b6 Qd7 27. Qc3 Re8 28. Rae2
Re7 29. Re3 Rae8 30. Nd2 Ng5 31. Rxe7 Rxe7 32. Rxe7 Qxe7 33. Qe3 Qxe3 34. fxe3
Ne4 35. Nxe4 Bxe4 36. Bxa6 1-0

[Event "Deutsche Ländermeisterschaft 2013"]
[Site "Hannover GER"]
[Date "2013.10.05"]
[Round "6"]
[White "Schneider, Sabrina"]
[Black "Sauer, Annika"]
[Result "1-0"]
[Termination "normal"]
[Board "8.7"]
[WhiteTitle "16w"]
[BlackTitle "14w"]
[WhiteElo "1638"]
[BlackElo "1526"]
[WhiteTeam "Hessen"]
[BlackTeam "Team Nord"]
[WhiteFideId "12951986"]
[BlackFideId "12952052"]
[EventCountry "GER"]
[EventRounds "7"]
[EventType "team-swiss"]
[EventDate "2013.10.02"]

1. e4 e5 2. Nf3 Nc6 3. Nc3 Nf6 4. d4 exd4 5. Nxd4 Bb4 6. Nxc6 bxc6 7. Bd3 O-O
8. O-O Bxc3 9. bxc3 Re8 10. Re1 d5 11. e5 Ng4 12. Bf4 Bd7 13. h3 Nh6 14. Bxh6
gxh6 15. Re3 Kh8 16. Qh5 Qg5 17. Qxf7 Re7 18. Qf6+ Qxf6 19. exf6 Rxe3 20. fxe3
Kg8 21. Rb1 Kf7 22. Rb7 Rc8 23. Rxa7 Kxf6 24. Bxh7 c5 25. Ra5 Kg7 26. Bd3 Re8
27. Rxc5 c6 28. Ra5 Kf6 29. Kf2 Rb8 30. c4 dxc4 31. Bxc4 Bf5 32. Bd3 Rb2 33.
Rxf5+ 1-0

[Event "Deutsche Ländermeisterschaft 2013"]
[Site "Hannover GER"]
[Date "2013.10.05"]
[Round "6"]
[White "Brunner, Sophia"]
[Black "Reinecke, Katharina"]
[Result "0-1"]
[Termination "normal"]
[Board "8.8"]
[WhiteTitle "12w"]
[BlackTitle "12w"]
[WhiteElo "1325"]
[BlackElo "1597"]
[WhiteTeam "Team Nord"]
[BlackTeam "Hessen"]
[WhiteFideId "12960683"]
[BlackFideId "12929727"]
[EventCountry "GER"]
[EventRounds "7"]
[EventType "team-swiss"]
[EventDate "2013.10.02"]

1. d4 d5 2. c4 c6 3. Nc3 Nf6 4. Nf3 e6 5. Bg5 Be7 6. e3 Nbd7 7. Bd3 O-O 8. O-O
dxc4 9. Bxc4 Nd5 10. Bxe7 Qxe7 11. e4 Nxc3 12. bxc3 e5 13. d5 Qd6 14. dxc6 Qxc6
15. Qd5 Qxd5 16. Bxd5 Re8 17. Rfe1 Nf6 18. Bc4 b6 19. Rad1 Bb7 20. Ng5 Re7 21.
f3 Rc8 22. Bb5 h6 23. Nh3 Rxc3 24. Rd8+ Kh7 25. Kf2 Bc6 26. Be2 Rc7 27. Bd1 Bd7
28. Bb3 Bb5 29. g4 Nxg4+ 30. fxg4 Rxh3 31. Kg2 Rhc3 32. Rd5 R3c5 33. Rd8 f6 34.
h4 Bc4 35. Bd1 Bxa2 36. h5 Rc1 37. Rg1 Be6 38. Ba4 Rxg1+ 39. Kxg1 Rc8 40. Rxc8
Bxc8 41. Bd1 g6 42. Kg2 gxh5 43. gxh5 f5 44. Kf3 f4 45. Ba4 Kg7 46. Be8 Kf6 47.
Bg6 Kg5 48. Be8 Bg4+ 49. Kf2 Bxh5 50. Bb5 Bf7 51. Bc6 Be6 52. Bb7 h5 53. Bc6 h4
54. Bb5 Kf6 55. Kf3 Ke7 56. Ba6 Kd6 57. Bb5 Kc5 58. Bf1 a5 59. Kf2 b5 60. Kf3
b4 61. Bd3 b3 62. Bb1 a4 63. Kg2 a3 64. Kf3 a2 65. Bxa2 bxa2 66. Kf2 a1=Q 67.
Kf3 Qc3+ 68. Ke2 Bg4+ 69. Kf2 Qc2+ 70. Kf1 Bf3 0-1

[Event "Deutsche Ländermeisterschaft 2013"]
[Site "Hannover GER"]
[Date "2013.10.05"]
[Round "6"]
[White "Kugler, Florian"]
[Black "Schreiber, Kevin"]
[Result "1-0"]
[Termination "normal"]
[Board "9.1"]
[WhiteTitle "20"]
[BlackTitle "18"]
[WhiteElo "2236"]
[BlackElo "1914"]
[WhiteTeam "Hamburg"]
[BlackTeam "Mecklenburg-Vorpommern"]
[WhiteFideId "4633300"]
[BlackFideId "24655830"]
[EventCountry "GER"]
[EventRounds "7"]
[EventType "team-swiss"]
[EventDate "2013.10.02"]

1. e4 c5 2. Nf3 e6 3. d4 cxd4 4. Nxd4 Nc6 5. Nc3 Qc7 6. g3 a6 7. Bg2 Nf6 8. O-O
Be7 9. Kh1 O-O 10. f4 d6 11. Be3 Rb8 12. a4 Na5 13. g4 Nc4 14. Bc1 Rd8 15. g5
Ne8 16. f5 g6 17. Qf3 Ne5 18. Qh3 Qc4 19. Be3 Bd7 20. Nce2 exf5 21. exf5 Ng7
22. b3 Qc8 23. Ng3 Qc3 24. Ne4 Qc8 25. Nf6+ Bxf6 26. gxf6 Nh5 27. Qh4 Re8 28.
Qg5 Qd8 29. fxg6 hxg6 30. Bd5 Ng4 31. Qxg6+ 1-0

[Event "Deutsche Ländermeisterschaft 2013"]
[Site "Hannover GER"]
[Date "2013.10.05"]
[Round "6"]
[White "Ispirjan, Mikael"]
[Black "Kramer, Julian"]
[Result "0-1"]
[Termination "normal"]
[Board "9.2"]
[WhiteTitle "18"]
[BlackTitle "16"]
[WhiteElo "1964"]
[BlackElo "2137"]
[WhiteTeam "Mecklenburg-Vorpommern"]
[BlackTeam "Hamburg"]
[WhiteFideId "1271217"]
[BlackFideId "12921742"]
[EventCountry "GER"]
[EventRounds "7"]
[EventType "team-swiss"]
[EventDate "2013.10.02"]

1. e4 c5 2. Nf3 d6 3. d4 cxd4 4. Nxd4 Nf6 5. Nc3 a6 6. Bg5 Nbd7 7. f4 Qc7 8.
Qf3 h6 9. Bxf6 Nxf6 10. Bd3 g6 11. h3 Bg7 12. O-O-O e5 13. Nde2 b5 14. Bxb5+
axb5 15. Nxb5 Qc5 16. Nxd6+ Ke7 17. Nc3 Be6 18. a3 exf4 19. e5 Nd7 20. Rhe1
Bxe5 21. Nb7 Qc7 22. Nd5+ Bxd5 23. Qxd5 f6 24. Nd6 Qb6 25. Qf7+ Kd8 26. Nc4 Qc6
27. Rxd7+ Qxd7 28. Rd1 Bd4 29. Qxd7+ Kxd7 30. c3 Rac8 31. Rxd4+ Ke6 32. Rxf4 f5
33. Nd2 Rhd8 34. Nf3 g5 35. Nd4+ Ke5 0-1

[Event "Deutsche Ländermeisterschaft 2013"]
[Site "Hannover GER"]
[Date "2013.10.05"]
[Round "6"]
[White "Hinrichs, Lars"]
[Black "Siegert, Gregor"]
[Result "1-0"]
[Termination "normal"]
[Board "9.3"]
[WhiteTitle "16"]
[BlackTitle "16"]
[WhiteElo "2037"]
[BlackElo "1826"]
[WhiteTeam "Hamburg"]
[BlackTeam "Mecklenburg-Vorpommern"]
[WhiteFideId "12921769"]
[BlackFideId "1271250"]
[EventCountry "GER"]
[EventRounds "7"]
[EventType "team-swiss"]
[EventDate "2013.10.02"]

1. e4 c5 2. Nf3 d6 3. d4 cxd4 4. Nxd4 Nf6 5. Nc3 a6 6. Be3 Ng4 7. Bg5 h6 8. Bh4
g5 9. Bg3 Bg7 10. h3 Ne5 11. f3 Nbc6 12. Bf2 b5 13. Qd2 Bd7 14. Nd5 Rb8 15. f4
gxf4 16. Nxf4 h5 17. c3 b4 18. c4 e6 19. Be2 Bh6 20. O-O Qg5 21. Be3 Rg8 22.
Rf2 Qg3 23. Nxc6 Bxc6 24. Qxd6 Qxe3 25. Qxb8+ Ke7 26. Qxe5 Bxe4 27. Nd5+ Bxd5
28. Qc7+ Ke8 29. Qxf7+ 1-0

[Event "Deutsche Ländermeisterschaft 2013"]
[Site "Hannover GER"]
[Date "2013.10.05"]
[Round "6"]
[White "Schmekel, Florian"]
[Black "Rogozenco, Teodora"]
[Result "0-1"]
[Termination "normal"]
[Board "9.4"]
[WhiteTitle "14"]
[BlackTitle "14w"]
[WhiteElo "1714"]
[BlackElo "1884"]
[WhiteTeam "Mecklenburg-Vorpommern"]
[BlackTeam "Hamburg"]
[WhiteFideId "12913456"]
[BlackFideId "12938084"]
[EventCountry "GER"]
[EventRounds "7"]
[EventType "team-swiss"]
[EventDate "2013.10.02"]

1. d4 d6 2. c4 e5 3. d5 a5 4. Nc3 Na6 5. e4 g6 6. Be2 Bg7 7. Bg4 f5 8. exf5
gxf5 9. Bh5+ Ke7 10. Nge2 Nc5 11. Ng3 Bh6 12. Bxh6 Nxh6 13. Qd2 Nf7 14. O-O-O
Rf8 15. Bxf7 Rxf7 16. Qg5+ Kd7 17. Qh5 Qf6 18. f3 a4 19. Nge2 Qg6 20. Qxg6 hxg6
21. f4 e4 22. Nd4 Ke7 23. h4 Kf6 24. g3 Bd7 25. Kc2 Nd3 26. Rd2 Re7 27. Re2 Kf7
28. Re3 c6 29. Rb1 Nb4+ 30. Kd2 cxd5 31. Nxd5 Nxd5 32. cxd5 Ra5 33. Rc3 Rxd5
34. Ke3 Rc5 35. Rbc1 b6 36. Ne2 Be6 37. Rxc5 bxc5 38. a3 Rb7 39. Rc2 Bb3 40.
Rc1 Be6 41. Rc2 Bb3 42. Rc1 Ke6 43. Kd2 Kd5 44. Rc3 Bc4 0-1

[Event "Deutsche Ländermeisterschaft 2013"]
[Site "Hannover GER"]
[Date "2013.10.05"]
[Round "6"]
[White "Krüger, David"]
[Black "Schumann, Rabea"]
[Result "1/2-1/2"]
[Termination "normal"]
[Board "9.5"]
[WhiteTitle "14"]
[BlackTitle "14w"]
[WhiteElo "1796"]
[BlackElo "1562"]
[WhiteTeam "Hamburg"]
[BlackTeam "Mecklenburg-Vorpommern"]
[WhiteFideId "12921858"]
[BlackFideId "12918199"]
[EventCountry "GER"]
[EventRounds "7"]
[EventType "team-swiss"]
[EventDate "2013.10.02"]

1. e4 c5 2. Nf3 Nc6 3. d4 cxd4 4. Nxd4 g6 5. c4 Bg7 6. Be3 d6 7. Nc3 Nf6 8. Be2
O-O 9. f3 Bd7 10. Qd2 Nxd4 11. Bxd4 a5 12. O-O a4 13. Rac1 Bc6 14. Rfd1 Nd7 15.
Be3 Nc5 16. Bf1 Qa5 17. Rc2 Rfd8 18. Rb1 Kf8 19. Qf2 Kg8 20. Bg5 Bxc3 21. Rxc3
Nxe4 22. fxe4 Qxg5 23. Re1 Qc5 24. Rce3 Rf8 25. Bd3 Bd7 26. Qf4 f5 27. e5 dxe5
28. Qxe5 Qxe5 29. Rxe5 Kf7 30. Bf1 Bc6 31. R1e3 Rfe8 32. Kf2 Be4 33. Bd3 Bxd3
34. Rxd3 Rad8 35. Red5 Rxd5 36. Rxd5 Rc8 37. b3 axb3 38. axb3 Rc6 39. Rb5 b6
40. Rd5 Kf6 41. Ke3 Rc5 42. Rd8 b5 43. Kd4 Re5 44. Rf8+ Ke6 45. Rb8 1/2-1/2

[Event "Deutsche Ländermeisterschaft 2013"]
[Site "Hannover GER"]
[Date "2013.10.05"]
[Round "6"]
[White "Schamber, Dennis"]
[Black "Brandt, Carina"]
[Result "0-1"]
[Termination "normal"]
[Board "9.6"]
[WhiteTitle "12"]
[BlackTitle "20w"]
[WhiteElo "1544"]
[BlackElo "1886"]
[WhiteTeam "Mecklenburg-Vorpommern"]
[BlackTeam "Hamburg"]
[WhiteFideId "12952176"]
[BlackFideId "12917940"]
[EventCountry "GER"]
[EventRounds "7"]
[EventType "team-swiss"]
[EventDate "2013.10.02"]

1. e4 e6 2. d4 d5 3. e5 c5 4. c3 Nc6 5. Nf3 Bd7 6. a3 f6 7. b4 c4 8. Bf4 Qc7 9.
g3 f5 10. Nbd2 Nge7 11. Be2 h6 12. Be3 O-O-O 13. Qc2 g5 14. Nb1 Ng6 15. a4 Nce7
16. Na3 Bg7 17. b5 Rdf8 18. Qb2 f4 19. gxf4 Nxf4 20. Bxf4 Rxf4 21. Qb4 Ng6 22.
Nd2 Bf8 23. Qb2 Be7 24. h3 Rhf8 25. f3 Nh4 26. Rf1 Ng2+ 27. Kf2 Nh4 28. Ke1 Be8
29. Nc2 Bh5 30. a5 Qd7 31. Nb4 Nxf3+ 32. Bxf3 Bxf3 33. Nxf3 Rxf3 34. Rxf3 Rxf3
35. b6 a6 36. Rc1 Rxh3 37. Qg2 Rxc3 38. Rxc3 Bxb4 39. Kd2 Bxc3+ 40. Kxc3 Qa4
41. Qf3 Qb3+ 0-1

[Event "Deutsche Ländermeisterschaft 2013"]
[Site "Hannover GER"]
[Date "2013.10.05"]
[Round "6"]
[White "Meyling, Lennart"]
[Black "Wagner, Swenja"]
[Result "1-0"]
[Termination "normal"]
[Board "9.7"]
[WhiteTitle "12"]
[BlackTitle "16w"]
[WhiteElo "1731"]
[BlackElo "1376"]
[WhiteTeam "Hamburg"]
[BlackTeam "Mecklenburg-Vorpommern"]
[WhiteFideId "12947130"]
[BlackFideId "12900494"]
[EventCountry "GER"]
[EventRounds "7"]
[EventType "team-swiss"]
[EventDate "2013.10.02"]

1. e4 e5 2. Nf3 Nc6 3. d4 exd4 4. Nxd4 Qh4 5. Nc3 Bb4 6. Be2 d6 7. O-O Bxc3 8.
bxc3 Be6 9. Rb1 Nxd4 10. Qxd4 Qf6 11. Rxb7 Kd8 12. Qb4 Ne7 13. Qa5 Rc8 14. Rd1
Nc6 15. Qb5 Bd7 16. Bg5 Ne5 17. Bxf6+ gxf6 18. Qb2 1-0

[Event "Deutsche Ländermeisterschaft 2013"]
[Site "Hannover GER"]
[Date "2013.10.05"]
[Round "6"]
[White "Eulitz, Charlotte"]
[Black "Münch, Michelle"]
[Result "1-0"]
[Termination "normal"]
[Board "9.8"]
[WhiteTitle "12w"]
[BlackTitle "12w"]
[WhiteElo "1056"]
[BlackElo "915"]
[WhiteTeam "Mecklenburg-Vorpommern"]
[BlackTeam "Hamburg"]
[WhiteFideId "12964654"]
[EventCountry "GER"]
[EventRounds "7"]
[EventType "team-swiss"]
[EventDate "2013.10.02"]

1. e4 e5 2. Nf3 Nc6 3. Bc4 Bc5 4. c3 Nf6 5. d4 exd4 6. cxd4 Bb4+ 7. Bd2 Bxd2+
8. Nbxd2 d6 9. O-O Be6 10. d5 Qd7 11. dxe6 fxe6 12. Bb5 a6 13. Bxc6 Qxc6 14.
Re1 Nh5 15. Qb3 O-O-O 16. Rac1 Qd7 17. Re3 c6 18. Nc4 b6 19. Nxb6+ Kc7 20. Nxd7
Rxd7 21. e5 d5 22. Rec3 Nf4 23. Kf1 Rf7 24. Rxc6+ Kd7 25. Qb7+ Ke8 26. Rc8# 1-0